[Event "Mittelfrank Regionalliga Nord-Ost 2122"]
[Site "Mittelfranken"]
[Date "2022.03.20"]
[Round "4.7"]
[White "Habermann, Horst"]
[Black "Kendzia, Nikolai"]
[Result "1/2-1/2"]
[WhiteElo "1707"]
[BlackElo "1834"]
[PlyCount "45"]
[EventDate "2021.10.24"]
[EventType "team-tourn"]
[EventRounds "9"]
[EventCountry "GER"]
[SourceTitle "EXT 2024"]
[Source "ChessBase"]
[SourceDate "2023.10.10"]
[SourceVersion "1"]
[SourceVersionDate "2023.10.10"]
[SourceQuality "1"]
[WhiteTeam "Herzogenaurach II"]
[BlackTeam "Heng Postbauer"]
[WhiteTeamCountry "GER"]
[BlackTeamCountry "GER"]

1. e4 e6 2. d4 d5 3. exd5 exd5 4. Nc3 c6 5. Nf3 Bg4 6. Be2 Bd6 7. h3 Bf5 8. Bd3 Bxd3 9. Qxd3 Nf6 10. 0-0 0-0 11. Bg5 h6 12. Bh4 Nbd7 13. a3 Qc7 14. Nd2 Rfe8 15. Rfe1 Nh5 16. Qf5 Nf4 17. Re3 Rxe3 18. fxe3 Ng6 19. Bf2 Nf6 20. Re1 Rd8 21. Nb3 b6 22. Nd2 Qd7 23. Qxd7 1/2-1/2

[Event "DSOL 05 Liga Gr-C 1st"]
[Site "Playchess.com INT"]
[Date "2020.07.17"]
[Round "4.3"]
[White "Bialas, Jan Philip"]
[Black "Habermann, Horst"]
[Result "1-0"]
[WhiteElo "1571"]
[BlackElo "1686"]
[PlyCount "109"]
[EventDate "2020.06.22"]
[EventType "team-tourn (rapid)"]
[EventCountry "GER"]
[SourceTitle "EXT 2021"]
[Source "ChessBase"]
[SourceDate "2020.10.23"]
[SourceVersion "1"]
[SourceVersionDate "2020.10.23"]
[SourceQuality "1"]
[WhiteTeam "Datteln"]
[BlackTeam "Herzogenaurach II"]
[WhiteTeamCountry "GER"]
[BlackTeamCountry "GER"]

1. d4 Nf6 2. Bf4 d6 3. Nf3 g6 4. e3 Bg7 5. Be2 Bd7 6. Nbd2 Nc6 7. c3 a6 8. Ng5 0-0 9. h4 e5 10. Bg3 Re8 11. dxe5 Nxe5 12. Bxe5 Rxe5 13. Qb3 Qe8 14. Ngf3 Rc5 15. a4 b5 16. axb5 Bxb5 17. Bxb5 Rxb5 18. Qc2 Qb8 19. b3 Rc5 20. Nd4 Qb7 21. 0-0 Rh5 22. N2f3 c5 23. Ne2 Rf5 24. Ng3 Rxf3 25. gxf3 Qxf3 26. Qe2 Qb7 27. Qc2 Rb8 28. Rab1 Bh6 29. Rfd1 Qb6 30. Ne4 Nxe4 31. Qxe4 Bg7 32. c4 Kf8 33. h5 Re8 34. Qd3 Re6 35. Qd5 Bh6 36. hxg6 Rxg6+ 37. Kf1 a5 38. Rd3 Re6 39. Ke2 Ke7 40. Rbd1 Bf8 41. Qh5 h6 42. Qh4+ Kd7 43. Qg4 Ke7 44. f4 Rg6 45. Qh4+ Kd7 46. e4 Qb7 47. Ke3 Kc6 48. Qh1 Kb6 49. e5 Qxh1 50. Rxh1 dxe5 51. fxe5 Be7 52. Rf1 Bg5+ 53. Ke4 Rg7 54. Rg3 Kc6 55. Rgf3 1-0

[Event "Mittelfranken-chTB1 1415"]
[Site "Mittelfranken"]
[Date "2014.09.28"]
[Round "1.8"]
[White "Habermann, Horst"]
[Black "Dennstaedt, Fabio"]
[Result "1-0"]
[WhiteElo "1702"]
[BlackElo "1730"]
[PlyCount "71"]
[EventDate "2014.09.29"]
[EventType "team-tourn"]
[EventRounds "9"]
[EventCountry "GER"]
[SourceTitle "EXT 2020"]
[Source "ChessBase"]
[SourceDate "2019.10.17"]
[SourceVersion "1"]
[SourceVersionDate "2019.10.17"]
[SourceQuality "1"]
[WhiteTeam "Herzogenaurach"]
[BlackTeam "Postbauer Heng"]
[WhiteTeamCountry "GER"]
[BlackTeamCountry "GER"]

1. Nf3 Nc6 2. g3 Nf6 3. d4 d5 4. Bg2 b6 5. 0-0 Bb7 6. Re1 e6 7. c3 Bd6 8. Bg5 h6 9. Bxf6 Qxf6 10. Nbd2 0-0 11. e4 dxe4 12. Nxe4 Qg6 13. Nh4 Qh7 14. Nxd6 cxd6 15. Be4 g6 16. d5 Ne7 17. c4 e5 18. b4 Rac8 19. Rc1 f5 20. Bb1 Qf7 21. Qd2 g5 22. Ng2 Ng6 23. a3 e4 24. Ba2 Ne5 25. Rc3 Nf3+ 26. Rxf3 exf3 27. Ne3 h5 28. Bb1 f4 29. Nf5 Kh8 30. Re6 Qxf5 31. Bxf5 Rxf5 32. Qd4+ Kg8 33. Rg6+ Kf8 34. Qg7+ Ke8 35. Re6+ Kd8 36. Qe7# 1-0

[Event "Mittelfranken-chTB2a 0910"]
[Site "Mittelfranken"]
[Date "2009.11.22"]
[Round "3.7"]
[White "Habermann, Horst"]
[Black "Kotz, Roland"]
[Result "0-1"]
[WhiteElo "1755"]
[BlackElo "1630"]
[PlyCount "108"]
[EventDate "2009.10.11"]
[EventType "team-tourn"]
[EventRounds "9"]
[EventCountry "GER"]
[SourceTitle "EXT 2011"]
[Source "ChessBase"]
[SourceDate "2010.11.26"]
[SourceVersion "1"]
[SourceVersionDate "2010.11.26"]
[SourceQuality "1"]
[WhiteTeam "Herzogenaurach"]
[BlackTeam "Kirchehrenbach"]
[WhiteTeamCountry "GER"]
[BlackTeamCountry "GER"]

1. e4 e6 2. d4 d5 3. e5 c5 4. c3 Nc6 5. Nf3 Qb6 6. Be2 f6 7. 0-0 Bd7 8. Re1 0-0-0 9. Qc2 Kb8 10. Be3 fxe5 11. dxe5 h6 12. Nbd2 Qc7 13. Bf4 g5 14. Bg3 Bg7 15. Qg6 Bc8 16. Bb5 Rf8 17. Bxc6 bxc6 18. h3 Qf7 19. Qxf7 Rxf7 20. Nb3 Bf8 21. Rad1 Rg7 22. Nh2 Rb7 23. Rd2 h5 24. f3 Nh6 25. Bf2 Rb5 26. Nf1 g4 27. Kh2 Rh7 28. Ng3 h4 29. fxg4 hxg3+ 30. Bxg3 Nxg4+ 31. Kg1 Nh6 32. Rde2 Nf5 33. Bf2 Ba6 34. Rc2 Rhb7 35. g4 Rg7 36. Kh2 c4 37. Nd4 Nxd4 38. Bxd4 Rgb7 39. Ree2 c5 40. Bf2 Bg7 41. h4 Rd7 42. Rcd2 d4 43. Bg3 d3 44. Rf2 Rd5 45. Rf6 Bc8 46. g5 Rb7 47. h5 Ka8 48. Kh3 Bxf6 49. gxf6 Rd8 50. Bf4 Rf7 51. Rg2 Rxf6 52. exf6 e5+ 53. Kh4 exf4 54. f7 Be6 0-1

[Event "Mittelfranken-ch HT 55th"]
[Site "Postbauer"]
[Date "2006.04.14"]
[Round "8.14"]
[White "Habermann, Horst"]
[Black "Lamprecht, Friedrich"]
[Result "1-0"]
[WhiteElo "1834"]
[BlackElo "1724"]
[PlyCount "47"]
[EventDate "2006.04.11"]
[EventType "swiss"]
[EventRounds "9"]
[EventCountry "GER"]
[SourceTitle "EXT 2011"]
[Source "ChessBase"]
[SourceDate "2010.11.26"]
[SourceVersion "1"]
[SourceVersionDate "2010.11.26"]
[SourceQuality "1"]

1. e4 c5 2. Nf3 Nc6 3. Bb5 Qb6 4. Bxc6 Qxc6 5. Nc3 Nf6 6. Qe2 a6 7. d4 cxd4 8. Nxd4 Qc5 9. Nb3 Qc6 10. Bg5 e6 11. 0-0 Be7 12. Rad1 h6 13. Bh4 Nxe4 14. Nxe4 Bxh4 15. Nd6+ Ke7 16. Nf5+ Kf8 17. Nxh4 g5 18. Nf3 f6 19. Rfe1 b6 20. Nfd4 Qc7 21. Qh5 Rg8 22. Nf5 exf5 23. Re8+ Kg7 24. Re7+ 1-0

[Event "Mittelfranken-ch HT 55th"]
[Site "Postbauer"]
[Date "2006.04.13"]
[Round "6.11"]
[White "Habermann, Horst"]
[Black "Cipra, Lothar"]
[Result "1/2-1/2"]
[WhiteElo "1834"]
[BlackElo "1898"]
[PlyCount "41"]
[EventDate "2006.04.11"]
[EventType "swiss"]
[EventRounds "9"]
[EventCountry "GER"]
[SourceTitle "EXT 2011"]
[Source "ChessBase"]
[SourceDate "2010.11.26"]
[SourceVersion "1"]
[SourceVersionDate "2010.11.26"]
[SourceQuality "1"]

1. e4 c5 2. Nf3 e6 3. d4 cxd4 4. Nxd4 a6 5. Nc3 Qc7 6. g3 Nf6 7. Bg2 Be7 8. 0-0 0-0 9. Qe2 d6 10. Be3 Bd7 11. f4 Nc6 12. Nb3 Rac8 13. Rad1 b5 14. a3 Na5 15. Nxa5 Qxa5 16. e5 Ne8 17. exd6 Nxd6 18. Qf2 Qc7 19. Bb6 Qb8 20. Ba7 Qc7 21. Bb6 1/2-1/2

[Event "Mittelfranken-ch HT 55th"]
[Site "Postbauer"]
[Date "2006.04.12"]
[Round "3.7"]
[White "Kordts, Wolfgang"]
[Black "Habermann, Horst"]
[Result "1-0"]
[WhiteElo "2114"]
[BlackElo "1834"]
[PlyCount "73"]
[EventDate "2006.04.11"]
[EventType "swiss"]
[EventRounds "9"]
[EventCountry "GER"]
[SourceTitle "EXT 2011"]
[Source "ChessBase"]
[SourceDate "2010.11.26"]
[SourceVersion "1"]
[SourceVersionDate "2010.11.26"]
[SourceQuality "1"]

1. d4 Nf6 2. c4 e5 3. dxe5 Ng4 4. Bf4 Nc6 5. Nf3 Bc5 6. e3 f6 7. exf6 Qxf6 8. Nc3 Nxf2 9. Qc2 Nxh1 10. Nd5 Bb4+ 11. Ke2 Qg6 12. Qxg6+ hxg6 13. Nxc7+ Kd8 14. Nxa8 Be7 15. g4 b6 16. Bg2 Bb7 17. Nxb6 axb6 18. Rxh1 Ba6 19. b3 b5 20. cxb5 Bxb5+ 21. Kf2 Rf8 22. Kg3 Bf6 23. Rd1 Be7 24. Ng5 Bxg5 25. Bxg5+ Kc7 26. Bf4+ Kc8 27. a4 Ba6 28. Rd6 Rf6 29. g5 Rxd6 30. Bxd6 Nd8 31. Be4 Nf7 32. Bf4 Bb7 33. Bxg6 Bd5 34. b4 Nd8 35. h4 Bf7 36. Bxf7 Nxf7 37. h5 1-0

[Event "Mittelfranken-ch HT 55th"]
[Site "Postbauer"]
[Date "2006.04.11"]
[Round "1.10"]
[White "Habermann, Horst"]
[Black "Erlbeck, Peter"]
[Result "0-1"]
[WhiteElo "1834"]
[BlackElo "2041"]
[PlyCount "38"]
[EventDate "2006.04.11"]
[EventType "swiss"]
[EventRounds "9"]
[EventCountry "GER"]
[SourceTitle "EXT 2011"]
[Source "ChessBase"]
[SourceDate "2010.11.26"]
[SourceVersion "1"]
[SourceVersionDate "2010.11.26"]
[SourceQuality "1"]

1. e4 c5 2. Nf3 Nc6 3. d4 cxd4 4. Nxd4 Nf6 5. Nc3 e6 6. Nxc6 bxc6 7. Bd3 Be7 8. Be3 d5 9. exd5 exd5 10. Bd4 Be6 11. 0-0 0-0 12. Re1 c5 13. Be5 Bd6 14. Bxf6 Qxf6 15. Qh5 g6 16. Nxd5 Qd8 17. Qh6 Bxd5 18. Re3 Qf6 19. Rae1 Bf4 0-1

[Event "Mittelfranken-ch QT 52nd"]
[Site "Uttenreuth"]
[Date "2003.04.18"]
[Round "5"]
[White "Habermann, Horst"]
[Black "Burger, Thomas"]
[Result "1/2-1/2"]
[WhiteElo "1892"]
[BlackElo "1673"]
[PlyCount "68"]
[EventDate "2003.04.16"]
[EventType "swiss"]
[EventRounds "7"]
[EventCountry "GER"]
[SourceTitle "EXT 2015"]
[Source "ChessBase"]
[SourceDate "2014.11.20"]
[SourceVersion "1"]
[SourceVersionDate "2014.11.20"]
[SourceQuality "1"]

1. e4 e5 2. Nf3 Nf6 3. Nc3 Bb4 4. d3 Nc6 5. Bd2 d6 6. a3 Bc5 7. Na4 Bb6 8. Nxb6 axb6 9. Be2 Be6 10. Bg5 h6 11. Bh4 g5 12. Bg3 Nh5 13. Qd2 f5 14. exf5 Bxf5 15. Nxe5 Nxg3 16. Nxc6 Qf6 17. fxg3 Qxb2 18. 0-0 bxc6 19. Rae1 0-0 20. Bf3 Qxa3 21. Re7 Qc5+ 22. d4 Qxc2 23. Qxc2 Bxc2 24. Rxc7 Rac8 25. Rxc6 Rxc6 26. Bxc6 Rxf1+ 27. Kxf1 Bd3+ 28. Ke1 b5 29. Kd2 Bc4 30. Kc3 Kf7 31. Bd7 Bf1 32. Kb4 Bxg2 33. Kxb5 Ke7 34. Bg4 Bd5 1/2-1/2

[Event "Mittelfranken-ch QT 52nd"]
[Site "Uttenreuth"]
[Date "2003.04.18"]
[Round "6"]
[White "Haesslein, Rainer"]
[Black "Habermann, Horst"]
[Result "1-0"]
[WhiteElo "1537"]
[BlackElo "1892"]
[PlyCount "145"]
[EventDate "2003.04.16"]
[EventType "swiss"]
[EventRounds "7"]
[EventCountry "GER"]
[SourceTitle "EXT 2015"]
[Source "ChessBase"]
[SourceDate "2014.11.20"]
[SourceVersion "1"]
[SourceVersionDate "2014.11.20"]
[SourceQuality "1"]

1. e4 d5 2. e5 c5 3. c3 Nc6 4. d4 e6 5. f4 cxd4 6. cxd4 Bb4+ 7. Nc3 Qa5 8. Nge2 Bxc3+ 9. Nxc3 Qb4 10. Bb5 Bd7 11. Bxc6 Bxc6 12. 0-0 Ne7 13. a3 Qb6 14. Na4 Bxa4 15. Qxa4+ Nc6 16. Be3 0-0 17. Rab1 Rac8 18. Qd1 Ne7 19. g4 f5 20. g5 Rc4 21. Rf2 Rfc8 22. Rc1 Qc7 23. Rf1 Ng6 24. Rxc4 Qxc4 25. Qc1 Ne7 26. Qxc4 dxc4 27. Rc1 b5 28. Kf2 a5 29. Bd2 a4 30. Kf3 Nd5 31. Bc3 Rb8 32. Rc2 Rb7 33. Bd2 g6 34. Be1 h6 35. h4 Rh7 36. gxh6 Rxh6 37. Rg2 Kf7 38. Rc2 Rh8 39. Rc1 Rd8 40. Rc2 Ne7 41. Ke3 Nc6 42. Bc3 Rb8 43. Be1 Kg7 44. Rd2 Rd8 45. Rd1 g5 46. fxg5 Nxe5 47. h5 Nd3 48. Bc3 Rd5 49. Rg1 Rd8 50. Rg2 Rh8 51. Rh2 Rd8 52. Ba5 Rg8 53. Bc7 Rc8 54. Be5+ Nxe5 55. dxe5 c3 56. Kd3 cxb2 57. Rxb2 Rc5 58. Rc2 Rd5+ 59. Kc3 Rxe5 60. Kb4 f4 61. Rc7+ Kf8 62. Rc8+ Ke7 63. h6 Rxg5 64. h7 Rh5 65. h8Q Rxh8 66. Rxh8 e5 67. Kc3 Ke6 68. Rb8 Kf5 69. Kd3 e4+ 70. Ke2 Kg4 71. Rxb5 e3 72. Rb4 Kg3 73. Rxa4 1-0